| 000 -LEADER |
| fixed length control field |
01761cam a22004457a 4500 |
| 001 - CONTROL NUMBER |
| control field |
16131390 |
| 005 - DATE AND TIME OF LATEST TRANSACTION |
| control field |
20200226113818.0 |
| 008 - FIXED-LENGTH DATA ELEMENTS--GENERAL INFORMATION |
| fixed length control field |
100311s2010 njua 001 0 eng d |
| 010 ## - LIBRARY OF CONGRESS CONTROL NUMBER |
| LC control number |
2010924590 |
| 015 ## - NATIONAL BIBLIOGRAPHY NUMBER |
| National bibliography number |
GBB021824 |
| Source |
bnb |
| 016 7# - NATIONAL BIBLIOGRAPHIC AGENCY CONTROL NUMBER |
| Record control number |
015483510 |
| Source |
Uk |
| 020 ## - INTERNATIONAL STANDARD BOOK NUMBER |
| International Standard Book Number |
9780470551745 (pbk.) |
| 020 ## - INTERNATIONAL STANDARD BOOK NUMBER |
| International Standard Book Number |
0470551747 (pbk.) |
| 035 ## - SYSTEM CONTROL NUMBER |
| System control number |
(OCoLC)ocn460062342 |
| 040 ## - CATALOGING SOURCE |
| Original cataloging agency |
BTCTA |
| Language of cataloging |
eng |
| Transcribing agency |
BTCTA |
| Modifying agency |
YDXCP |
| -- |
DPL |
| -- |
ILC |
| -- |
UKM |
| -- |
ZPX |
| -- |
ABG |
| -- |
DMJ |
| -- |
VP@ |
| -- |
UKMGB |
| -- |
BDX |
| -- |
JN4 |
| -- |
DLC |
| 041 ## - LANGUAGE CODE |
| Language code of text/sound track or separate title |
eng |
| 042 ## - AUTHENTICATION CODE |
| Authentication code |
lccopycat |
| 050 00 - LIBRARY OF CONGRESS CALL NUMBER |
| Classification number |
RB155 |
| Item number |
.R66 2010 |
| 080 ## - UNIVERSAL DECIMAL CLASSIFICATION NUMBER |
| Universal Decimal Classification number |
575 R-67 |
| 082 04 - DEWEY DECIMAL CLASSIFICATION NUMBER |
| Classification number |
576.5 |
| Edition number |
22 |
| 100 1# - MAIN ENTRY--PERSONAL NAME |
| Personal name |
Robinson, T. R. |
| Fuller form of name |
(Tara Rodden) |
| 9 (RLIN) |
7465 |
| 245 10 - TITLE STATEMENT |
| Title |
Genetics for dummies / |
| Statement of responsibility, etc. |
by Tara Rodden Robinson. |
| 250 ## - EDITION STATEMENT |
| Edition statement |
2nd ed. |
| 264 ## - PRODUCTION, PUBLICATION, DISTRIBUTION, MANUFACTURE, AND COPYRIGHT NOTICE |
| Place of production, publication, distribution, manufacture |
Hoboken, NJ : |
| Name of producer, publisher, distributor, manufacturer |
Wiley Pub., |
| Date of production, publication, distribution, manufacture, or copyright notice |
c2010. |
| 300 ## - PHYSICAL DESCRIPTION |
| Extent |
xvi, 366 p. : |
| Other physical details |
ill. ; |
| Dimensions |
24 cm. |
| 490 0# - SERIES STATEMENT |
| Series statement |
--For dummies |
| 500 ## - GENERAL NOTE |
| General note |
Previous ed.: 2005. |
| 500 ## - GENERAL NOTE |
| General note |
Includes index. |
| 520 ## - SUMMARY, ETC. |
| Summary, etc. |
A practical guide that gets you up to speed on all the fundamentals and the most recent discoveries in genetics, in easy-to-understand terms. You'll see how people are applying genetic science to fight disease, develop new products, solve crimes-- and even clone cats! |
| 650 #0 - SUBJECT ADDED ENTRY--TOPICAL TERM |
| Topical term or geographic name entry element |
Genetics |
| Form subdivision |
Handbooks, manuals, etc. |
| 9 (RLIN) |
7466 |
| 650 #0 - SUBJECT ADDED ENTRY--TOPICAL TERM |
| Topical term or geographic name entry element |
Medical genetics |
| Form subdivision |
Handbooks, manuals, etc. |
| 9 (RLIN) |
7467 |
| 650 #0 - SUBJECT ADDED ENTRY--TOPICAL TERM |
| Topical term or geographic name entry element |
Human genetics |
| Form subdivision |
Handbooks, manuals, etc. |
| 9 (RLIN) |
7468 |
| 650 12 - SUBJECT ADDED ENTRY--TOPICAL TERM |
| Topical term or geographic name entry element |
Genetics |
| Form subdivision |
Popular Works. |
| 9 (RLIN) |
7469 |
| 650 12 - SUBJECT ADDED ENTRY--TOPICAL TERM |
| Topical term or geographic name entry element |
Genetic Phenomena |
| Form subdivision |
Popular Works. |
| 9 (RLIN) |
7470 |
| 650 22 - SUBJECT ADDED ENTRY--TOPICAL TERM |
| Topical term or geographic name entry element |
Genetics, Medical |
| Form subdivision |
Popular Works. |
| 9 (RLIN) |
7471 |
| 653 ## - INDEX TERM--UNCONTROLLED |
| keyword |
გენეტიკა |
| 906 ## - LOCAL DATA ELEMENT F, LDF (RLIN) |
| a |
7 |
| b |
cbc |
| c |
copycat |
| d |
2 |
| e |
epcn |
| f |
20 |
| g |
y-gencatlg |
| 942 ## - ADDED ENTRY ELEMENTS (KOHA) |
| Source of classification or shelving scheme |
|
| Koha item type |
წიგნი |